A las niñas buenas no les pasa nada malo (Registro nro. 5853)
[ vista simple ]
| 000 -Cabecera | |
|---|---|
| Campo de control de longitud fija | 00921ata a2200337 4500 |
| 005 - Fecha y hora de la última transacción | |
| Campo de control | 20250821154424.0 |
| 008 - Elementos de longitud fija--Información general | |
| Campo de control de longitud fija | 150521b2001 xxu||||| |||| 00| 0 spa d |
| 020 ## - International Standard Book Number | |
| Número Internacional Estándar del Libro (ISBN) | 9789682323171 |
| 041 ## - Idioma | |
| Código de idioma | Español |
| 082 ## - Clasificación Decimal Dewey | |
| Número de clasificación | 362.88 M182n |
| 100 ## - Entrada principal--Autor personal | |
| Nombre personal | Madriz, Esther |
| 9 (RLIN) | 30287 |
| 245 ## - Título propiamente dicho | |
| Título | A las niñas buenas no les pasa nada malo |
| 260 ## - Pie de imprenta | |
| Lugar de publicación, distribución, etc. | México |
| 260 ## - Pie de imprenta | |
| Nombre del editor, distribuidor, etc. | Siglo XXI |
| 260 ## - Pie de imprenta | |
| Fecha de publicación, distribución, etc. | 2001 |
| 300 ## - Descripción física | |
| Extensión | 120 páginas |
| 650 ## - Materia general | |
| Temática (materia general) | VICTIMOLOGÍA |
| 650 ## - Materia general | |
| Temática (materia general) | VIOLENCIA CONTRA LAS MUJERES |
| 650 ## - Materia general | |
| Temática (materia general) | FANTASMA DEL MIEDO |
| 650 ## - Materia general | |
| Temática (materia general) | DELITOS CONTRA LAS MUJERES |
| 650 ## - Materia general | |
| Temática (materia general) | CONTROL SOCIAL |
| 650 ## - Materia general | |
| Temática (materia general) | MIEDO A LA DELINCUENCIA |
| 650 ## - Materia general | |
| Temática (materia general) | VÍCTIMAS INOCENTES |
| 650 ## - Materia general | |
| Temática (materia general) | VÍCTIMAS CULPABLES |
| 650 ## - Materia general | |
| Temática (materia general) | CREACIÓN DE PROSCRITOS |
| 650 ## - Materia general | |
| Temática (materia general) | CRIMINALES DESHUMANIZADOS |
| 650 ## - Materia general | |
| Temática (materia general) | MANEJO DEL MIEDO |
| 650 ## - Materia general | |
| Temática (materia general) | CAUSAS DE DELINCUENCIA |
| 650 ## - Materia general | |
| Temática (materia general) | PROTECCIÓN INFANTIL |
| 942 ## - Punto de acceso adicional KOHA | |
| Tipo de ítem KOHA | Libro |
| Fuente del sistema de clasificación o colocación | Dewey Decimal Classification |
| Signatura completa | Código de barras | Programa Académico | Tipo de ítem |
|---|---|---|---|
| 362.88 M182n | 14990 | Investigación Criminal | Libro |
| 362.88 M182n | 16369 | Investigación Criminal | Libro |